Guidelines on tea culture in South India (Record no. 43961)

MARC details
000 -LEADER
fixed length control field 00334nam a2200121Ia 4500
082 ## - DEWEY DECIMAL CLASSIFICATION NUMBER
Classification number 633.72(548)
Item number HUD
100 ## - MAIN ENTRY--AUTHOR NAME
Personal name Hudson, J B
245 #0 - TITLE STATEMENT
Title Guidelines on tea culture in South India
250 ## - EDITION STATEMENT
Edition statement Ed.6
260 ## - PUBLICATION, DISTRIBUTION, ETC. (IMPRINT)
Place of publication Coonoor, Nilgiris
Name of publisher UPASI Krishi Vigyan Kendra
Year of publication 1997
942 ## - ADDED ENTRY ELEMENTS (KOHA)
Koha item type Books
Holdings
Withdrawn status Lost status Damaged status Not for loan Home library Current library Date acquired Source of acquisition Full call number Accession Number Koha item type
        RRII Library RRII Library 16/12/2021 Gift 633.72(548) HUD G00710 Books